00982 a2200193 4500003000500000005001700005010001600022020002700038040000900065082001600074100002300090245007700113246003700190260007000227300004100297440005400338505036100392650003500753Nust20220804134621.0 a 97008930 a0819423807 (softcover) cNust00a621.367,ABL1 aAblameyko, Sergey,13aAn introduction to interpretation of graphic images /cSergey Ablameyko.30aInterpretation of graphic images aBellingham, Wash., USA :bSPIE Optical Engineering Press,cc1997. axiii, 165 p. :bill., maps ;c26 cm. 0aTutorial texts in optical engineering ;vv. TT 27 aThe Problem of Graphical Image Interpretations (Page-1), Methodology of Line-Drawing Interpretation (Page-22), Image Scanning and Banalization (Page-35), Binary Image Processing (Page-56), Image Vectorization (Page-79), Recognition of Cartographic Objects (Page-92), Recognition of Engineering Drawing Entities (Page-124), Output and Conclusion (Page-146). 0aTelecommunication Engineering.